<?xml version="1.0" encoding="UTF-8"?>
<record
    xmlns:xsi="http://www.w3.org/2001/XMLSchema-instance"
    xsi:schemaLocation="http://www.loc.gov/MARC21/slim http://www.loc.gov/standards/marcxml/schema/MARC21slim.xsd"
    xmlns="http://www.loc.gov/MARC21/slim">

  <leader>00932nam a22002657a 4500</leader>
  <controlfield tag="005">20170123162304.0</controlfield>
  <datafield tag="010" ind1=" " ind2=" ">
    <subfield code="a">B-123218</subfield>
  </datafield>
  <datafield tag="020" ind1=" " ind2=" ">
    <subfield code="c">90.00</subfield>
    <subfield code="a">8182230802</subfield>
  </datafield>
  <datafield tag="035" ind1=" " ind2=" ">
    <subfield code="a">B-123218</subfield>
  </datafield>
  <datafield tag="037" ind1=" " ind2=" ">
    <subfield code="b">Cen Lib/Ret</subfield>
  </datafield>
  <datafield tag="040" ind1=" " ind2=" ">
    <subfield code="a">DPL</subfield>
    <subfield code="b">UR</subfield>
  </datafield>
  <datafield tag="082" ind1=" " ind2=" ">
    <subfield code="a">&#x6A9;</subfield>
    <subfield code="b"> &#x645; &#x646; &#x679;</subfield>
  </datafield>
  <datafield tag="100" ind1=" " ind2=" ">
    <subfield code="a">&#x645;&#x646;&#x679;&#x648;&#x60C; &#x633;&#x639;&#x627;&#x62F;&#x62A; &#x62D;&#x633;&#x646; </subfield>
    <subfield code="9">108930</subfield>
  </datafield>
  <datafield tag="245" ind1=" " ind2=" ">
    <subfield code="a">&#x6A9;&#x627;&#x644;&#x6CC; &#x634;&#x644;&#x648;&#x627;&#x631;  /</subfield>
    <subfield code="c">&#x633;&#x639;&#x627;&#x62F;&#x62A; &#x62D;&#x633;&#x646; &#x645;&#x646;&#x679;&#x648; ;  &#x62A;&#x631;&#x645;&#x6CC;&#x645; &#x6C1;&#x645;&#x627;&#x6CC;&#x648;&#x6BA; &#x627;&#x634;&#x631;&#x641; </subfield>
  </datafield>
  <datafield tag="246" ind1=" " ind2=" ">
    <subfield code="a">Kali shalwar /</subfield>
    <subfield code="b">by Saadat Hasan Manto</subfield>
  </datafield>
  <datafield tag="260" ind1=" " ind2=" ">
    <subfield code="a"> &#x62F;&#x6C1;&#x644;&#x6CC;</subfield>
    <subfield code="b">&#x627;&#x649;&#x62C;&#x648;&#x6A9;&#x649;&#x634;&#x646;&#x644; &#x67E;&#x628;&#x644;&#x634;&#x646;&#x6AF; &#x647;&#x627;&#x624;&#x633;</subfield>
    <subfield code="c">2005</subfield>
  </datafield>
  <datafield tag="270" ind1=" " ind2=" ">
    <subfield code="a">&#x663;&#x660;&#x661;&#x668;&#x60C; &#x6AF;&#x644;&#x6CC; &#x648;&#x6A9;&#x6CC;&#x644; &#x6A9;&#x648;&#x686;&#x6C1; &#x67E;&#x646;&#x688;&#x62A;&#x60C; &#x644;&#x627;&#x644; &#x6A9;&#x648;&#x627;&#x646; </subfield>
    <subfield code="b"> &#x62F;&#x6C1;&#x644;&#x6CC;</subfield>
    <subfield code="e">110006</subfield>
  </datafield>
  <datafield tag="300" ind1=" " ind2=" ">
    <subfield code="a">144p. </subfield>
    <subfield code="c">21cm(Hb)</subfield>
  </datafield>
  <datafield tag="650" ind1=" " ind2=" ">
    <subfield code="a"> &#x627;&#x62F;&#x628; - &#x627;&#x631;&#x62F;&#x648;</subfield>
    <subfield code="9">108931</subfield>
  </datafield>
  <datafield tag="650" ind1=" " ind2=" ">
    <subfield code="a"> &#x627;&#x631;&#x62F;&#x648; &#x6A9;&#x6C1;&#x627;&#x646;&#x6CC;&#x627;&#x6BA;</subfield>
    <subfield code="9">818</subfield>
  </datafield>
  <datafield tag="650" ind1=" " ind2=" ">
    <subfield code="a">Literature -- Urdu </subfield>
    <subfield code="9">108932</subfield>
  </datafield>
  <datafield tag="650" ind1=" " ind2=" ">
    <subfield code="a">Urdu stories </subfield>
    <subfield code="9">108933</subfield>
  </datafield>
  <datafield tag="700" ind1=" " ind2=" ">
    <subfield code="a">&#x627;&#x634;&#x631;&#x641;&#x60C; &#x6C1;&#x645;&#x627;&#x6CC;&#x648;&#x6BA; </subfield>
    <subfield code="9">14097</subfield>
  </datafield>
  <datafield tag="942" ind1=" " ind2=" ">
    <subfield code="2">ddc</subfield>
    <subfield code="c">UR</subfield>
    <subfield code="h">&#x6A9;</subfield>
    <subfield code="m"> &#x645; &#x646; &#x679;</subfield>
  </datafield>
  <datafield tag="999" ind1=" " ind2=" ">
    <subfield code="c">106198</subfield>
    <subfield code="d">106198</subfield>
  </datafield>
  <datafield tag="952" ind1=" " ind2=" ">
    <subfield code="0">0</subfield>
    <subfield code="1">0</subfield>
    <subfield code="4">0</subfield>
    <subfield code="7">0</subfield>
    <subfield code="a">L</subfield>
    <subfield code="b">L</subfield>
    <subfield code="d">2015-12-16</subfield>
    <subfield code="e">Cen Lib/Ret</subfield>
    <subfield code="g">90.00</subfield>
    <subfield code="l">1</subfield>
    <subfield code="o">&#x6A9;  &#x645; &#x646; &#x679;</subfield>
    <subfield code="p">B-123218</subfield>
    <subfield code="r">2021-01-21 00:00:00</subfield>
    <subfield code="s">2021-01-13</subfield>
    <subfield code="t">1</subfield>
    <subfield code="v">90.00</subfield>
    <subfield code="w">2015-12-16</subfield>
    <subfield code="y">UR</subfield>
  </datafield>
</record>
